000 00585nam a22002057a 4500
003 UA-OsUOA
001 12094
007 ta
008 20050429b un ||||| |||| 00| 0 ukr d
100 _aЭдкок Флёр
942 _cSA
040 _aUA-OsUOA
_brus
_cUA-OsUOA
_dUA-OsUOA
245 _aСтихи. Перевод с английского и вступление Максима Калинина
300 _aС.3-8
955 _a0
041 _arus
044 _aRU
773 0 _w0
_tИностранная литература
_dМ.
_d2005
_g№2
650 7 _aПоезія
_2UDC
999 _c298255
_d298255